000 00768nam a22002777a 4500
001 21258
003 UA-OsUOA
005 20200424180708.0
007 ta
008 20031125b un ||||| |||| 00| 0 ukr d
020 _a966-7767-00-0
040 _aUA-OsUOA
_bukr
_cUA-OsUOA
_dUA-OsUOA
041 _aukr
044 _aUA
080 _a331.(075.8)
090 _a331.(075.8)
_bБ73
100 _aБогиня Д.П.
245 _aОснови економіки праці
_bНавчальний посібник
260 _aКиїв
_bЗнання-Прес
_c2000
300 _a313 с.
650 7 _2UDC
700 _aГрішнова О.А.
942 _cBK
_2udc
955 _a0
999 _c307451
_d307451